Návody k projektu ze silničních staveb

Hlavní autor: Kaun, Miroslav, 1937-
Jazyk: Čeština
Vydáno: Praha, 1976
Knihy
Uloženo v:
LEADER 00494nam a22001692a 4500
001 000124944
003 CZ BrMZK
005 19961101143423.0
007 ta
008 950101s1976 xr f cze d
040 |a BOA001  |b cze 
100 1 |a Kaun, Miroslav,  |d 1937-  |7 ntka172884 
245 1 0 |a Návody k projektu ze silničních staveb 
260 |a Praha,  |c 1976 
910 |a BOA001  |b 4-0770.718 
990 |a BK 
996 7 |b 2619921271  |c 4-0770.718  |l MZK  |r Sklad / do 1 hodiny  |n 0  |w 000124944  |u 000010  |a 1  |e BOA001  |j MZK50  |s A